[Event "Bratto op-B 34th"]
[Site "Bratto"]
[Date "2014.08.27"]
[Round "5"]
[White "Papa, Angelo"]
[Black "D'Amato, Piergiorgio"]
[Result "1/2-1/2"]
[WhiteElo "1754"]
[BlackElo "1833"]
[PlyCount "40"]
[EventDate "2014.08.23"]
[EventType "swiss"]
[EventRounds "8"]
[EventCountry "ITA"]
[SourceTitle "EXT 2017"]
[Source "ChessBase"]
[SourceDate "2016.10.25"]
[SourceVersion "1"]
[SourceVersionDate "2016.10.25"]
[SourceQuality "1"]

1. d4 Nf6 2. c4 c6 3. Nc3 d5 4. cxd5 cxd5 5. Nf3 Nc6 6. Bf4 Qb6 7. Na4 Qa5+ 8. Bd2 Qd8 9. e3 Bf5 10. Rc1 e6 11. Bb5 Rc8 12. Ne5 Qd6 13. a3 Nd7 14. Bb4 Qb8 15. Bxf8 Rxf8 16. Bxc6 bxc6 17. Nxd7 Kxd7 18. 0-0 Kd6 19. Qd2 Qb5 20. Nc5 a5 1/2-1/2

[Event "Bratto op-B 34th"]
[Site "Bratto"]
[Date "2014.08.26"]
[Round "4"]
[White "D'Amato, Piergiorgio"]
[Black "Cerutti, Fabio Maria"]
[Result "1/2-1/2"]
[WhiteElo "1833"]
[BlackElo "1761"]
[PlyCount "89"]
[EventDate "2014.08.23"]
[EventType "swiss"]
[EventRounds "8"]
[EventCountry "ITA"]
[SourceTitle "EXT 2017"]
[Source "ChessBase"]
[SourceDate "2016.10.25"]
[SourceVersion "1"]
[SourceVersionDate "2016.10.25"]
[SourceQuality "1"]

1. e4 c5 2. Nf3 d6 3. d4 cxd4 4. Nxd4 Nf6 5. Nc3 g6 6. h3 Bg7 7. g3 Bd7 8. Bg2 Qc8 9. Be3 Nc6 10. Nde2 0-0 11. f4 Na5 12. Bd4 Bc6 13. 0-0 b5 14. Nd5 Nxd5 15. exd5 Bd7 16. Kh2 Nc4 17. Qc1 b4 18. c3 a5 19. b3 Na3 20. c4 Re8 21. Bxg7 Kxg7 22. Nd4 e6 23. dxe6 fxe6 24. Bxa8 Qxa8 25. Qd2 d5 26. cxd5 exd5 27. f5 Rf8 28. Ne6+ Bxe6 29. fxe6 Qc6 30. Rxf8 Kxf8 31. Rf1+ Ke8 32. Rf2 Nb5 33. Qe2 Nd4 34. Qe5 Nxe6 35. Re2 Kd7 36. Qf6 Qd6 37. Qf7+ Qe7 38. Qg8 d4 39. Qb8 Qd6 40. Qb5+ Ke7 41. Qc4 d3 42. Rd2 Nc5 43. Qh4+ Ke6 44. Qg4+ Kd5 45. Qc4+ 1/2-1/2

[Event "Bratto op-B 34th"]
[Site "Bratto"]
[Date "2014.08.24"]
[Round "2"]
[White "D'Amato, Piergiorgio"]
[Black "Rorato, Renzo"]
[Result "1/2-1/2"]
[WhiteElo "1833"]
[BlackElo "2012"]
[PlyCount "78"]
[EventDate "2014.08.23"]
[EventType "swiss"]
[EventRounds "8"]
[EventCountry "ITA"]
[SourceTitle "EXT 2017"]
[Source "ChessBase"]
[SourceDate "2016.10.25"]
[SourceVersion "1"]
[SourceVersionDate "2016.10.25"]
[SourceQuality "1"]

1. e4 c5 2. Nf3 Nf6 3. Nc3 Nc6 4. d4 d5 5. e5 cxd4 6. Ne2 Ne4 7. Nexd4 Bg4 8. Be2 e6 9. c3 a6 10. Be3 Qc7 11. h3 Bh5 12. Bf4 Be7 13. 0-0 Rc8 14. Rc1 h6 15. Nd2 Bxe2 16. Qxe2 Nxd2 17. Qxd2 0-0 18. Nf3 Rfe8 19. Rfe1 Bf8 20. Nh2 Qd8 21. Ng4 Ne7 22. Ne3 Ng6 23. Bh2 Qg5 24. Qe2 Nf4 25. Bxf4 Qxf4 26. Nc2 Bc5 27. Rcd1 Rc7 28. Rd3 Rec8 29. Rf3 Qg5 30. Rd1 b5 31. a3 Rc6 32. Kh1 R6c7 33. Rg3 Qf4 34. Nd4 Bxd4 35. Rxd4 Qc1+ 36. Rd1 Qf4 37. Rd4 Qc1+ 38. Rd1 Qf4 39. Rd4 Qc1+ 1/2-1/2

[Event "Torino Bombelli Memorial 11th"]
[Site "Torino"]
[Date "2011.09.11"]
[Round "4"]
[White "Bianco, Valerio"]
[Black "D'Amato, Piergiorgio"]
[Result "1-0"]
[WhiteElo "2176"]
[BlackElo "1856"]
[PlyCount "101"]
[EventDate "2011.09.09"]
[EventType "swiss"]
[EventRounds "5"]
[EventCountry "ITA"]
[SourceTitle "EXT 2023"]
[Source "ChessBase"]
[SourceDate "2022.10.05"]
[SourceVersion "1"]
[SourceVersionDate "2022.10.05"]
[SourceQuality "1"]

1. e4 e6 2. d4 d5 3. Nd2 Nf6 4. e5 Nfd7 5. f4 c5 6. Ngf3 Nc6 7. Nb3 c4 8. Nbd2 f6 9. c3 Be7 10. b3 Qa5 11. Bb2 b5 12. a4 Rb8 13. axb5 Qxb5 14. Ba3 Bxa3 15. Rxa3 fxe5 16. fxe5 Nb6 17. Be2 0-0 18. 0-0 Nd7 19. Qa1 Ndxe5 20. dxe5 Qc5+ 21. Kh1 Qe3 22. Bd1 Qd3 23. Re1 cxb3 24. Nxb3 g5 25. Be2 Qe3 26. Bf1 Qf4 27. Ra4 Qf5 28. Nfd4 Nxd4 29. Nxd4 Qf2 30. Ra2 Qh4 31. Nf3 Qf4 32. Ra4 Qf5 33. Qd1 Rb2 34. Bd3 Qf7 35. Qc1 Rxg2 36. Rg1 Rxg1+ 37. Nxg1 h6 38. Qe3 Bb7 39. Qd4 Qc7 40. Nh3 Qxc3 41. Qxc3 d4+ 42. Kg1 dxc3 43. Rxa7 Bd5 44. Rc7 c2 45. Bxc2 Rf3 46. Nf2 Re3 47. Ng4 Re2 48. Nf6+ Kf8 49. Bg6 Rg2+ 50. Kf1 Rxh2 51. Rf7# 1-0

[Event "Torino 150 Italy Unity op B"]
[Site "Torino"]
[Date "2011.06.04"]
[Round "7"]
[White "D'Amato, Piergiorgio"]
[Black "Blundo, Michele"]
[Result "1/2-1/2"]
[WhiteElo "1855"]
[BlackElo "1728"]
[PlyCount "60"]
[EventDate "2011.05.31"]
[EventType "swiss"]
[EventRounds "9"]
[EventCountry "ITA"]
[SourceTitle "EXT 2024"]
[Source "ChessBase"]
[SourceDate "2023.10.10"]
[SourceVersion "1"]
[SourceVersionDate "2023.10.10"]
[SourceQuality "1"]

1. e4 c5 2. c3 d5 3. exd5 Qxd5 4. d4 Nf6 5. Nf3 e6 6. Na3 a6 7. Nc2 Be7 8. Be2 Nc6 9. 0-0 cxd4 10. Ncxd4 Nxd4 11. Nxd4 e5 12. Nb3 Be6 13. Be3 0-0 14. Qxd5 Bxd5 15. c4 Be6 16. Bc5 Rfe8 17. Bxe7 Rxe7 18. Nc5 Bf5 19. b3 e4 20. Rad1 Bg4 21. Rfe1 Bxe2 22. Rxe2 b5 23. cxb5 axb5 24. h3 Rae8 25. Kf1 h5 26. Rd4 g5 27. Rd6 Kg7 28. Rb6 Nd5 29. Rb7 f5 30. Ne6+ Kf6 1/2-1/2

[Event "Torino 150 Italy Unity op B"]
[Site "Torino"]
[Date "2011.06.03"]
[Round "5"]
[White "D'Amato, Piergiorgio"]
[Black "Abbura, Davide"]
[Result "1/2-1/2"]
[WhiteElo "1855"]
[BlackElo "1706"]
[PlyCount "39"]
[EventDate "2011.05.31"]
[EventType "swiss"]
[EventRounds "9"]
[EventCountry "ITA"]
[SourceTitle "EXT 2024"]
[Source "ChessBase"]
[SourceDate "2023.10.10"]
[SourceVersion "1"]
[SourceVersionDate "2023.10.10"]
[SourceQuality "1"]

1. e4 e6 2. Nf3 d5 3. Nc3 Nf6 4. e5 Nfd7 5. d4 c5 6. dxc5 Nc6 7. Bf4 a6 8. Bd3 h6 9. Qe2 Nxc5 10. 0-0-0 Nxd3+ 11. Rxd3 Qa5 12. Kb1 Bd7 13. Rhd1 Nb4 14. R3d2 Bb5 15. Qe3 Rc8 16. a3 Nc6 17. Nxb5 Qxb5 18. Rd3 Bc5 19. Qd2 Qb6 20. Be3 1/2-1/2

[Event "Ivrea op 15th"]
[Site "Ivrea"]
[Date "2011.04.03"]
[Round "5"]
[White "Migliorini, Matteo"]
[Black "D'Amato, Piergiorgio"]
[Result "1/2-1/2"]
[WhiteElo "1855"]
[BlackElo "1849"]
[PlyCount "43"]
[EventDate "2011.04.01"]
[EventType "swiss"]
[EventRounds "5"]
[EventCountry "ITA"]
[SourceTitle "EXT 2024"]
[Source "ChessBase"]
[SourceDate "2023.10.10"]
[SourceVersion "1"]
[SourceVersionDate "2023.10.10"]
[SourceQuality "1"]

1. e4 e6 2. d4 d5 3. Nc3 Nf6 4. Bg5 Bb4 5. e5 h6 6. Bd2 Bxc3 7. Bxc3 Nfd7 8. Bd2 c5 9. Qg4 Kf8 10. c3 Nc6 11. Nf3 Qb6 12. Rb1 cxd4 13. cxd4 Nb4 14. Bxb4+ Qxb4+ 15. Nd2 Nxe5 16. Qf4 Nc6 17. Rc1 Qxd4 18. Qd6+ Kg8 19. Be2 Kh7 20. Qc7 Rf8 21. Rc3 Qe5 22. Rxc6 1/2-1/2

[Event "Nago Torbole op-A"]
[Site "Nago Torbole"]
[Date "2010.12.29"]
[Round "6"]
[White "D'Amato, Piergiorgio"]
[Black "Facchetti, Lorenzo"]
[Result "0-1"]
[WhiteElo "1866"]
[BlackElo "1843"]
[PlyCount "50"]
[EventDate "2010.12.26"]
[EventType "swiss"]
[EventRounds "7"]
[EventCountry "ITA"]
[SourceTitle "EXT 2024"]
[Source "ChessBase"]
[SourceDate "2023.10.10"]
[SourceVersion "1"]
[SourceVersionDate "2023.10.10"]
[SourceQuality "1"]

1. e4 c6 2. d4 d5 3. f3 e6 4. e5 c5 5. c3 Ne7 6. Bd3 Nec6 7. Ne2 Nd7 8. a3 cxd4 9. cxd4 Nxd4 10. 0-0 Bc5 11. Kh1 Nxe2 12. Qxe2 0-0 13. f4 f6 14. Qh5 f5 15. Nd2 Qe8 16. Qh3 Be7 17. Nf3 Nc5 18. Bd2 Ne4 19. Be3 Bd7 20. Nd4 Bd8 21. g4 Qe7 22. gxf5 exf5 23. Rg1 Rc8 24. e6 Bxe6 25. Rxg7+ Kxg7 0-1

[Event "Nago Torbole op-A"]
[Site "Nago Torbole"]
[Date "2010.12.29"]
[Round "7"]
[White "Poletti, Fausto"]
[Black "D'Amato, Piergiorgio"]
[Result "1-0"]
[WhiteElo "1919"]
[BlackElo "1866"]
[PlyCount "57"]
[EventDate "2010.12.26"]
[EventType "swiss"]
[EventRounds "7"]
[EventCountry "ITA"]
[SourceTitle "EXT 2024"]
[Source "ChessBase"]
[SourceDate "2023.10.10"]
[SourceVersion "1"]
[SourceVersionDate "2023.10.10"]
[SourceQuality "1"]

1. c4 e6 2. Nc3 f5 3. g3 Nf6 4. Bg2 Be7 5. d4 0-0 6. Nf3 d6 7. 0-0 Ne4 8. Qc2 Nxc3 9. Qxc3 a5 10. Qd3 Nc6 11. e4 e5 12. dxe5 dxe5 13. Qd5+ Qxd5 14. exd5 Nb4 15. Nxe5 Bf6 16. f4 Re8 17. a3 Nc2 18. Rb1 Bxe5 19. fxe5 Rxe5 20. Bf4 Re7 21. Rbc1 Nd4 22. Rfe1 Re2 23. Bxc7 Bd7 24. Rcd1 Ba4 25. Rb1 Bc2 26. d6 Bxb1 27. Rxb1 Nc6 28. Bxc6 bxc6 29. Rd1 1-0

[Event "Torino op 23rd"]
[Site "Torino"]
[Date "2010.10.29"]
[Round "1"]
[White "Gallo, Ivan"]
[Black "D'Amato, Piergiorgio"]
[Result "0-1"]
[WhiteElo "1500"]
[BlackElo "1871"]
[PlyCount "36"]
[EventDate "2010.10.29"]
[EventType "swiss"]
[EventRounds "6"]
[EventCountry "ITA"]
[SourceTitle "EXT 2024"]
[Source "ChessBase"]
[SourceDate "2023.10.10"]
[SourceVersion "1"]
[SourceVersionDate "2023.10.10"]
[SourceQuality "1"]

1. e4 e6 2. d4 d5 3. exd5 exd5 4. Bd3 c5 5. dxc5 Bxc5 6. Nf3 Nf6 7. Bg5 0-0 8. 0-0 Nc6 9. Nbd2 Bg4 10. c3 Re8 11. Qc2 h6 12. Bh4 Qd6 13. Rfe1 Bb6 14. h3 Bd7 15. Bg3 Qxg3 16. Nb3 Bxh3 17. Bf1 Bg4 18. Nh2 Bh5 0-1

[Event "Carignano Mo Memorial 5th"]
[Site "Carignano"]
[Date "2010.05.08"]
[Round "2"]
[White "D'Amato, Piergiorgio"]
[Black "Blengino, Luca"]
[Result "1/2-1/2"]
[WhiteElo "1869"]
[BlackElo "1908"]
[PlyCount "53"]
[EventDate "2010.05.07"]
[EventType "swiss"]
[EventRounds "5"]
[EventCountry "ITA"]
[SourceTitle "EXT 2024"]
[Source "ChessBase"]
[SourceDate "2023.10.10"]
[SourceVersion "1"]
[SourceVersionDate "2023.10.10"]
[SourceQuality "1"]

1. e4 c5 2. Nf3 d6 3. d4 cxd4 4. Nxd4 Nf6 5. Nc3 g6 6. Be3 Bg7 7. f3 0-0 8. Qd2 Nc6 9. Bc4 Bd7 10. 0-0-0 Rc8 11. Bb3 Ne5 12. g4 Nc4 13. Bxc4 Rxc4 14. h4 h5 15. gxh5 Nxh5 16. Nce2 b5 17. Kb1 a5 18. Bh6 Bh8 19. Rhg1 Re8 20. Rg5 Bf6 21. Rxh5 gxh5 22. Rg1+ Kh7 23. Bg7 Bxg7 24. Rxg7+ Kxg7 25. Qg5+ Kf8 26. Qh6+ Kg8 27. Qg5+ 1/2-1/2

[Event "Turin Piemonte op 9th"]
[Site "Turin"]
[Date "2009.09.20"]
[Round "5"]
[White "D'Amato, Piergiorgio"]
[Black "Riccardi, Mauro"]
[Result "1/2-1/2"]
[WhiteElo "1924"]
[BlackElo "1620"]
[PlyCount "67"]
[EventDate "2009.09.18"]
[EventType "swiss"]
[EventRounds "5"]
[EventCountry "ITA"]
[SourceTitle "EXT 2012"]
[Source "ChessBase"]
[SourceDate "2011.11.24"]
[SourceVersion "1"]
[SourceVersionDate "2011.11.24"]
[SourceQuality "1"]

1. e4 c5 2. Nf3 e6 3. d4 cxd4 4. Nxd4 Nc6 5. Be2 Nf6 6. Nc3 Bb4 7. Bg5 Qa5 8. Bxf6 Bxc3+ 9. Kf1 gxf6 10. bxc3 Qxc3 11. Nb5 Qe5 12. Rb1 a6 13. Nd6+ Ke7 14. Nxc8+ Raxc8 15. Rxb7 Rc7 16. Rxc7 Qxc7 17. Bxa6 Nb4 18. Bd3 Rc8 19. h4 Nxc2 20. Rh3 Nb4 21. a3 Na2 22. Qd2 Qc1+ 23. Qxc1 Rxc1+ 24. Ke2 Rc3 25. a4 Rc5 26. Kd2 Nb4 27. Rh1 Kd6 28. Rb1 Nxd3 29. Kxd3 Ra5 30. Rb4 f5 31. exf5 Rxf5 32. f3 Rc5 33. g3 Kc6 34. g4 1/2-1/2

[Event "Turin Piemonte op 9th"]
[Site "Turin"]
[Date "2009.09.19"]
[Round "2"]
[White "D'Amato, Piergiorgio"]
[Black "Finocchiaro, Gianluca"]
[Result "0-1"]
[WhiteElo "1924"]
[BlackElo "2088"]
[PlyCount "36"]
[EventDate "2009.09.18"]
[EventType "swiss"]
[EventRounds "5"]
[EventCountry "ITA"]
[SourceTitle "EXT 2012"]
[Source "ChessBase"]
[SourceDate "2011.11.24"]
[SourceVersion "1"]
[SourceVersionDate "2011.11.24"]
[SourceQuality "1"]

1. e4 d5 2. Nc3 dxe4 3. Nxe4 Qd5 4. Ng3 Nf6 5. d4 Nc6 6. c3 e5 7. Nf3 Bg4 8. Be2 0-0-0 9. Be3 exd4 10. Bxd4 Nxd4 11. cxd4 Bb4+ 12. Kf1 Rhe8 13. Qa4 Bxf3 14. Bxf3 Qxd4 15. Qb3 Ng4 16. Qc2 Kb8 17. Rd1 Qxd1+ 18. Bxd1 Re1# 0-1

[Event "Nichelino op"]
[Site "Nichelino"]
[Date "2008.10.04"]
[Round "3"]
[White "Finocchiaro, Gianluca"]
[Black "D'Amato, Piergiorgio"]
[Result "1/2-1/2"]
[WhiteElo "2026"]
[BlackElo "1925"]
[PlyCount "36"]
[EventDate "2008.10.02"]
[EventType "swiss"]
[EventRounds "6"]
[EventCountry "ITA"]
[SourceTitle "CBM 126 Extra"]
[Source "ChessBase"]
[SourceDate "2008.11.05"]
[SourceVersion "1"]
[SourceVersionDate "2008.11.05"]
[SourceQuality "1"]

1. e4 e6 2. d4 d5 3. exd5 exd5 4. c4 Bb4+ 5. Bd2 Bxd2+ 6. Qxd2 Nf6 7. Nc3 0-0 8. Nf3 Nc6 9. Be2 Ne4 10. Qf4 Nxc3 11. bxc3 dxc4 12. 0-0 Be6 13. Rab1 b6 14. Rb5 Bd5 15. Ng5 Ne7 16. Re1 Qd7 17. Rbb1 Ng6 18. Qg3 Rad8 1/2-1/2